New English handbook. (Record no. 942)

000 -LEADER
fixed length control field 00742nam a2200217 a 4500
001 - CONTROL NUMBER
control field :::00014121$&:&@@
003 - CONTROL NUMBER IDENTIFIER
control field OkBaRHE
005 - DATE AND TIME OF LATEST TRANSACTION
control field 20100325144752.0
008 - FIXED-LENGTH DATA ELEMENTS--GENERAL INFORMATION
fixed length control field s1982 j 000 0 eng u
020 ## - INTERNATIONAL STANDARD BOOK NUMBER
International Standard Book Number 0534011225
040 ## - CATALOGING SOURCE
Transcribing agency
100 1# - MAIN ENTRY--PERSONAL NAME
Personal name Guth, Hans Paul, 1926-
245 10 - TITLE STATEMENT
Title New English handbook.
260 ## - PUBLICATION, DISTRIBUTION, ETC. (IMPRINT)
Place of publication, distribution, etc Belmont, CA., :
Name of publisher, distributor, etc Wadsworth Publishing Co.
Date of publication, distribution, etc 1982
300 ## - PHYSICAL DESCRIPTION
Extent xviii, 494 p. ;
Dimensions 22 cm.
650 ## - SUBJECT ADDED ENTRY--TOPICAL TERM
Topical term or geographic name as entry element English Language
General subdivision Grammar
-- 1950-
650 ## - SUBJECT ADDED ENTRY--TOPICAL TERM
Topical term or geographic name as entry element English Language
General subdivision Rhetoric
942 ## - ADDED ENTRY ELEMENTS (KOHA)
Source of classification or shelving scheme
Koha item type Books
Copies
Collection code Not for loan Permanent Location Price effective from Lost status Damaged status Barcode Full call number Shelving location Date last seen Koha item type Withdrawn status Copy number Date acquired Source of classification or shelving scheme
Reference RHEMA Bible Training College2010-04-14  14121PE 1112 .G87General Stacks2010-04-14Books 12010-04-14 
Reference RHEMA Bible Training College2010-04-14  18278PE 1112 .G87General Stacks2010-04-14Books 22010-04-14